Harry Potter: le Quidditch - Statistiques

Statistiques générales
  • Ce quiz a été pris 160 fois
  • Le résultat moyen est 30 sur 44
Statistiques - réponses
Information Réponse % Correct
Première apparition Harry Potter à l'école des sorciers
97%
Nombre 1
96%
Nombre 1
96%
Nombre 1
96%
Nombre 1
96%
Nombre 3
96%
Poste Attrapeur
96%
Nombre 2
95%
Nombre 2
95%
Poste Gardien
94%
Balle Vif d'or
94%
Poste Batteur
93%
Joueur (équipe de Gryffondor) Harry Potter
93%
Derniere apparition Harry Potter et les Reliques de la Mort
91%
Balle Cognard
90%
Poste Poursuiveur
90%
Balle Souafle
90%
Joueur (équipe de Gryffondor) Olivier Dubois
88%
Joueur (équipe de Gryffondor) Fred Weasley
85%
Nombre de points que rapporte la balle 3 150 points
84%
Joueur (équipe de Serpentard) Drago Malefoy
84%
Joueur (équipe de Gryffondor) George Weasley
84%
Joueuse (équipe de Gryffondor puis équipe pro) Ginny Weasley
84%
Joueuse (équipe de Gryffondor) Angelina Johnson
79%
Joueur (équipe de Gryffondor) Ron Weasley
79%
Joueur (professionnel) Viktor Krum
77%
Joueuse (équipe de Gryffondor) Katie Bell
72%
Joueur (équipe de Poufsouffle) Cédric Diggory
70%
Joueuse (équipe de Serdaigle) Cho Chang
69%
Joueuse (équipe de Gryffondor) Alicia Spinnet
64%
Joueur (équipe de Serpentard) Marcus Flint
57%
Joueur (équipe de Serpentard) Vincent Crabbe
52%
Joueur (équipe de Serpentard) Gregory Goyle
51%
Joueur (remplacement équipe de Gryffondor) Dean Thomas
38%
Equipe célèbre Canons de Chudley
32%
Joueur (équipe de Serpentard) Blaise Zabini
26%
Equipe célèbre Harpies de Holyhead
20%
Joueur (équipe de Serdaigle) Roger Davies
15%
Joueur (équipe de Poufsouffle) Zacharaias Smith
15%
Joueur (équipe de Serpentard) Adrian Pucey
13%
Joueur (équipe de Serpentard) Graham Montague
10%
Joueur (équipe de Gryffondor) Jimmy Peakes
7%
Date de création 11e siècle
3%
Joueuse (équipe de Serpentard Peregrine Derrick
1%
Aucun quiz correspondant
Distribution des résultats
% des personnes avec chaque résultat
Percentile par nombre de réponses
Votre historique - résultats
Vous n’avez pas pris ce quiz